000 00450nam a2200181Ia 4500
001 11550
005 20260306162836.0
008 260306t1993||||xx |||||||||||||| ||spa||
041 _aESP
082 _a985.075
_bJ64
100 _aJochamowitz, Luis
_eAUT
245 0 _aCiudadano Fujimori:
_bla construcción de un político
260 _c1993
300 _a346 páginas :
_c20 cm.
650 _aGEN
654 _aCHU
942 _cLIB
_dJUS
_fJUS
_2ddc
_n
999 _c11550
_d11550